00838nam a2200241 a 450000100100000000500170001000800410002704000250006808200170009310000350011024500350014525000120018026000330019230000210022549000410024658600340028765000280032165000310034983000470038091000370042795201150046499900170057900004148820201002034932.0131008s1965 sp 000 f spa d aDO-SdBNPbspacBNPHU a863.44bK96d1 aKurz, Carmend1911-199996818013aEl desconocido /cCarmen Kurz. a4a. ed. aBarcelona :bPlaneta,c1965. a325 p. ;c18 cm.1 aAutores españoles contemporáneos aPremio editorial Planeta 1956 4aNovela española91123 4aLiteratura española9632 0aAutores españoles contemporáneos94154 aValidado. Control de calidad MFF 001050718MOaGRbGRcHDd2013-10-08iLF1l0o863.44 K96dp41488-10r2020-06-25w2020-06-25y1ZNo se presta c40978d40978